Calculus : (Record no. 291828)
[ view plain ]
| 000 -LEADER | |
|---|---|
| fixed length control field | 00648nam a2200229Ia 4500 |
| 008 - FIXED-LENGTH DATA ELEMENTS--GENERAL INFORMATION | |
| fixed length control field | 160319s9999 xx 000 0 und d |
| 020 ## - INTERNATIONAL STANDARD BOOK NUMBER | |
| International Standard Book Number | 971-93111-1-8 |
| 050 ## - LIBRARY OF CONGRESS CALL NUMBER | |
| Classification number | FIL QA 303.2 |
| 050 ## - LIBRARY OF CONGRESS CALL NUMBER | |
| Item number | .C66 2004 c.1 |
| 100 ## - MAIN ENTRY--PERSONAL NAME | |
| Personal name | Comandante, Felipe L., Jr. |
| 245 ## - TITLE STATEMENT | |
| Title | Calculus : |
| 245 ## - TITLE STATEMENT | |
| Remainder of title | concepts and applications : made easy / |
| 245 ## - TITLE STATEMENT | |
| Statement of responsibility, etc | Felipe L. Comandante, Jr. |
| 260 ## - PUBLICATION, DISTRIBUTION, ETC. (IMPRINT) | |
| Place of publication, distribution, etc | Cagayan De Oro City: |
| 260 ## - PUBLICATION, DISTRIBUTION, ETC. (IMPRINT) | |
| Name of publisher, distributor, etc | 22 Karats Printing and Pub. House., |
| 260 ## - PUBLICATION, DISTRIBUTION, ETC. (IMPRINT) | |
| Date of publication, distribution, etc | 2004 |
| 300 ## - PHYSICAL DESCRIPTION | |
| Extent | 344 pages : |
| 300 ## - PHYSICAL DESCRIPTION | |
| Other physical details | illustrations ; |
| 300 ## - PHYSICAL DESCRIPTION | |
| Dimensions | 23 cm. |
| 650 ## - SUBJECT ADDED ENTRY--TOPICAL TERM | |
| Topical term or geographic name as entry element | Calculus -- Textbooks. |
| 650 ## - SUBJECT ADDED ENTRY--TOPICAL TERM | |
| General subdivision | Calculus -- Study and teaching. |
| Withdrawn status | Lost status | Damaged status | Home library | Current library | Shelving location | Date acquired | Cost, normal purchase price | Total Checkouts | Full call number | Barcode | Date last seen | Price effective from | Koha item type |
|---|---|---|---|---|---|---|---|---|---|---|---|---|---|
| South Mansfield College | South Mansfield College | Filipiniana Section | 06/02/2005 | 290.00 | FIL QA 303.2 .C66 2004 c.1 | SMC02657 | 03/19/2016 | 03/19/2016 |